عبد الملك بن مروان / (Record no. 31927)

MARC details
000 -LEADER
fixed length control field 00619nam a22001937a 4500
005 - DATE AND TIME OF LATEST TRANSACTION
control field 20251108165818.0
008 - FIXED-LENGTH DATA ELEMENTS--GENERAL INFORMATION
fixed length control field 250721s9999 xx 000 0 ara d
082 14 - DEWEY DECIMAL CLASSIFICATION NUMBER
Classification number ط/923.1/كما
100 1# - MAIN ENTRY--PERSONAL NAME
Personal name كمال، محمد
245 10 - TITLE STATEMENT
Title عبد الملك بن مروان /
264 1# - PRODUCTION, PUBLICATION, DISTRIBUTION, MANUFACTURE, AND COPYRIGHT NOTICE
Place of production, publication, distribution, manufacture حلب :
Name of producer, publisher, distributor, manufacturer دار ربيع للنشر،
Date of production, publication, distribution, manufacture, or copyright notice [19-].
300 ## - PHYSICAL DESCRIPTION
Extent 16ص.
490 0# - SERIES STATEMENT
Series statement شمس الهدى و الإيمان : أعلام الخلفاء ؛ 6
650 17 - SUBJECT ADDED ENTRY--TOPICAL TERM
Topical term or geographic name as entry element التراجم
653 ## - INDEX TERM--UNCONTROLLED
Uncontrolled term اطفال مرحلة متوسطة (6-9)سنوات
700 1# - ADDED ENTRY--PERSONAL NAME
Personal name حاضري، بدر الدين
942 ## - ADDED ENTRY ELEMENTS (KOHA)
Source of classification or shelving scheme Dewey Decimal Classification
Koha item type Books
Holdings
حالة السحب حالة الفقدان مصدر التصنيف حالة التلف غير قابل للإعارة المكتبة الرئيسية المكتبة الحالية موقع الرف تاريخ التزويد الرقم المتسلسل Total Checkouts رقم الإستدعاء تاريخ آخر ظهور تاريخ الفاتورة نوع المادة (كوها) الباركود
    Dewey Decimal Classification     المكتبة المركزية المكتبة المركزية مقتنيات قسم التزويد 28/07/2025 1765013   ط/923.1/كما 28/07/2025 28/07/2025 Books  
    Dewey Decimal Classification     مكتبة قتيبة للأطفال مكتبة قتيبة للأطفال الأطفال 09/11/2017 1666816   ط/923.1/كما 28/07/2025 09/11/2017 Books PLD00410008
    Dewey Decimal Classification Unchecked   مكتبة أم قصير والمقابلين العامة مكتبة أم قصير والمقابلين العامة الأطفال 06/07/2004 4227   ط/923.1/كما 28/07/2025 06/07/2004 Books  
    Dewey Decimal Classification     مكتبة الأميرة سلمى مكتبة الأميرة سلمى الإعارة 28/07/2025 567426   ط/923.1/كما 28/07/2025 28/07/2025 Books 567426
    Dewey Decimal Classification     مكتبة الاميرة بديعة مكتبة الاميرة بديعة الأطفال 06/07/2015 [1731].   ط/923.1/كما 28/07/2025 06/07/2015 Books PLD00336497
    Dewey Decimal Classification     مكتبة الجويدة مكتبة الجويدة الأطفال 09/05/2015 (1903)   ط/923.1/كما 28/07/2025 09/05/2015 Books PLD00323533
    Dewey Decimal Classification     مكتبة الجويدة مكتبة الجويدة الأطفال 11/05/2015 [2708]   ط/923.1/كما 28/07/2025 11/05/2015 Books PLD00323642
    Dewey Decimal Classification     مكتبة النصر العامة مكتبة النصر العامة الأطفال 23/05/2015 [ 5628 ]   ط/923.1/كما 28/07/2025 23/05/2015 Books PLD00389638
    Dewey Decimal Classification     مكتبة صويلح العامة مكتبة صويلح العامة الأطفال 27/07/2019 006702   ط/923.1/كما 28/07/2025 27/07/2019 Books PLD00459884
    Dewey Decimal Classification     مكتبة صويلح العامة مكتبة صويلح العامة الأطفال 27/07/2019 005474   ط/923.1/كما 28/07/2025 27/07/2019 Books PLD00459885
    Dewey Decimal Classification     مكتبة مؤتة مكتبة مؤتة الأطفال 03/07/2014 [ 1692 ]   ط/923.1/كما 28/07/2025 03/07/2014 Books PLD00332788
    Dewey Decimal Classification     مكتبة وادي السير العامة مكتبة وادي السير العامة الأطفال 27/08/2015 [.2423]   ط/923.1/كما 28/07/2025 27/08/2015 Books PLD00343216
    Dewey Decimal Classification     مكتبة وادي السير العامة مكتبة وادي السير العامة الأطفال 27/08/2015 [3100].   ط/923.1/كما 28/07/2025 27/08/2015 Books PLD00343217
Implemented & Customized by: BBB with SCIT (Smart Chains for Information Technology)

Powered by Koha